| 000 | 00345nam a2200133Ia 4500 | ||
|---|---|---|---|
| 005 | 20251222144724.0 | ||
| 008 | 251222s9999||||xx |||||||||||||| ||spa|| | ||
| 020 | _a950-12-2139-3 | ||
| 082 | _a001.420.3/M22 | ||
| 100 | _aMancuso, Hugo R. | ||
| 245 | 0 | _aMetodología de la investigación en ciencias sociales | |
| 264 | _bPaidós | ||
| 942 | _cLIB | ||
| 999 |
_c18326 _d18326 |
||